[Event "Sueca op 8th"]
[Site "Sueca"]
[Date "2024.08.05"]
[Round "1"]
[White "Uribe, Jhonny Alberto"]
[Black "Conejero Martinez, Victor"]
[Result "1-0"]
[WhiteElo "2186"]
[BlackElo "1545"]
[PlyCount "49"]
[EventDate "2024.08.05"]
[EventType "swiss"]
[EventRounds "9"]
[EventCountry "ESP"]
[SourceTitle "CBM 221 Extra"]
[Source "ChessBase"]
[SourceDate "2024.09.30"]
[SourceVersion "1"]
[SourceVersionDate "2024.09.30"]
[SourceQuality "1"]

1. d4 Nf6 2. Nf3 d5 3. e3 e6 4. Bd3 Nc6 5. Nbd2 Bd6 6. c4 b6 7. e4 dxe4 8. Nxe4 Bb4+ 9. Kf1 Bb7 10. Nxf6+ gxf6 11. c5 bxc5 12. a3 Ba5 13. dxc5 Ba6 14. Ke2 Bxd3+ 15. Qxd3 Qxd3+ 16. Kxd3 Rg8 17. g3 Ke7 18. b4 Nxb4+ 19. axb4 Bxb4 20. Be3 Rgd8+ 21. Kc4 a5 22. Nd4 Kd7 23. Rhd1 Rdb8 24. Nc2+ Kc6 25. Ra4 1-0